Noções geográficas e administrativas da província de minas (Record no. 190272)

MARC details
000 -LÍDER
campo de controle de tamanho fixo 00467 a2200169 4500
001 - NÚMERO DE CONTROLE
campo de controle 190272
020 ## - ISBN - INTERNATIONAL STANDARD BOOK NUMBER
ISBN - International Standard Book Number 978-85-85930-60-8
040 ## - FONTE DA CATALOGAÇÃO
Instituição que transcreveu o registro Magnum
100 ## - ENTRADA PRINCIPAL--NOME PESSOAL
Nome pessoal Gerber, Henrique
240 10 - TÍTULO UNIFORME
Título uniforme Noções geográficas e administrativas da província de minas
Idioma da obra por
245 10 - TÍTULO
Título Noções geográficas e administrativas da província de minas
300 ## - DESCRIÇÃO FÍSICA
Extensão 211
362 0# - DATAS DE PUBLICAÇÃO E/OU DESIGNAÇÃO SEQUENCIAL
Datas de publicação e/ou designação sequencial 2013
440 #1 - DECLARAÇÃO DE SÉRIE/ENTRADA ADICIONADA--TÍTULO
Título Fundação João Pinheiro
697 ## - ENTRADA DE ASSUNTO LOCAL--ENTIDADE COLETIVA (RLIN)
Nome corporativo ou nome da jurisdição GEOGRAFIA DO BRASIL
942 ## - ELEMENTOS DE ENTRADA ADICIONADOS (KOHA)
Tipo de material Koha Livros
Holdings
Situação do descarte Situação das perdas Situação física Não pode ser emprestado Biblioteca de origem Biblioteca atual Data de aquisição Total de empréstimos Número de chamada completo Código de barras Data de último acesso Data do preço efetivo Tipo de material Koha
        Magnum Magnum 08/06/2024   0.191 MAG00066414 08/06/2024 08/06/2024 Livros